000 00811nam a2200205 a 4500
008 060426s2006 ||||||||||||||||| || u
050 _aIBRD(08)PRWP/3842
100 _aTaylor, J. Edward
245 1 0 _aDoes migration reshape expenditures in Rural households?
_cby J. Edward Taylor and Jorge Mora
246 _aevidence from Mexico
260 _aWashungton, D. C.
_bWorld Bank
_c2006
300 _a43p.; ill.
350 _a0.00
490 _aWorld Bank policy research working papers
650 _aMIGRATION--MEXICO
650 _aURBANIZATION--ASIA, WESTERN
650 _aMONEY--EXPENDITURE--MEXICO
700 _aMora, Jorge
995 _D0.00
_FCBU-MAIN LIBRARY (Kitwe)
_H1
_I0.00
_M1
_UAVAILABLE
_WApr 26, 2006
_ZInternational Publications
999 _c40412
_d40412